Исследование устройства передачи питания и информации на платформу трехосного гиростабилизатора; Космическое приборостроение

Detalles Bibliográficos
Parent link:Космическое приборостроение.— 2013.— [С. 100-104]
Autor Principal: Нгуен Чонг Иен
Autor Corporativo: Национальный исследовательский Томский политехнический университет
Outros autores: Белянин Л. Н. Лев Николаевич (научный руководитель)
Summary:Заглавие с титульного листа
Idioma:ruso
Publicado: 2013
Subjects:
Acceso en liña:http://www.lib.tpu.ru/fulltext/c/2013/C22/033.pdf
Formato: Electrónico Capítulo de libro
KOHA link:https://koha.lib.tpu.ru/cgi-bin/koha/opac-detail.pl?biblionumber=239923

MARC

LEADER 00000naa2a2200000 4500
001 239923
005 20251208134309.0
035 |a (RuTPU)RU\TPU\book\261167 
035 |a RU\TPU\book\261164 
090 |a 239923 
100 |a 20130617d2013 k y0rusy50 ca 
101 0 |a rus 
102 |a RU 
135 |a drnn ---uucaa 
181 0 |a i  
182 0 |a b 
200 1 |a Исследование устройства передачи питания и информации на платформу трехосного гиростабилизатора  |f Нгуен Чонг Иен  |g науч. рук. Л. Н. Белянин 
203 |a Текст  |c электронный 
215 |a 1 файл (804 Кб) 
300 |a Заглавие с титульного листа 
320 |a [Библиогр.: с. 104 (1 назв.)] 
337 |a Adobe Reader 
463 1 |0 (RuTPU)RU\TPU\book\258472  |t Космическое приборостроение  |o сборник научных трудов Форума школьников, студентов, аспирантов и молодых ученых с международным участием, г. Томск, 10-12 апреля 2013 г.  |f Национальный исследовательский Томский политехнический университет (ТПУ)  |v [С. 100-104]  |d 2013 
610 1 |a труды учёных ТПУ 
610 1 |a электронный ресурс 
610 1 |a исследования 
610 1 |a передачи 
610 1 |a питание 
610 1 |a гиростабилизаторы 
610 1 |a гироскопические приборы 
700 0 |a Нгуен Чонг Иен 
702 1 |a Белянин  |b Л. Н.  |c доцент Томского политехнического университета, кандидат технических наук  |c выпускник ТПИ 1967 г.  |c специалист в области точного приборостроения  |f 1944-  |g Лев Николаевич  |4 727 
712 0 2 |a Национальный исследовательский Томский политехнический университет  |c (2009- )  |9 26305 
801 1 |a RU  |b 63413507  |c 20130116 
801 2 |a RU  |b 63413507  |c 20160621  |g RCR 
856 4 |u http://www.lib.tpu.ru/fulltext/c/2013/C22/033.pdf 
942 |c CF